Pope or Nope? Quiz Stats

 Plays Quiz Updated Oct 3, 2014

Challenge
Share
Tweet
Embed
Score 0/72 Timer 05:00
15 Plays Today
Name (P)ope or (N)ope? % Correct
Benedict???
86.8%
John???
84.6%
Pius???
84.6%
Paul???
83.7%
Leo???
83.5%
Gregory???
83.5%
Clement???
82.5%
Innocent???
81.4%
Boniface???
80.4%
Urban???
78.6%
Nicholas???
78%
Julius???
75.5%
Felix???
72.6%
Francis???
71.4%
Valentine???
70.1%
Lucius???
69.3%
Zeke???
68.7%
Pancrazio???
66.9%
Tancredo???
66.3%
Theodore???
65.6%
Mylo???
65.5%
Morice???
65.4%
Nimbus???
65.2%
Eberhard???
65.2%
Fabian???
63.7%
Ulprus???
63.2%
Sylvester???
63%
Pino???
62.9%
Ermanno???
62.6%
Severinus???
61.8%
Martin???
60.5%
Lamberto???
60.2%
Callixtus???
59.8%
Abercio???
59.8%
Vidal???
59.5%
Caractacus???
58.9%
Name (P)ope or (N)ope? % Correct
Eugene???
58.8%
Remus???
58.3%
Blaise???
58.2%
Peregrine???
58.2%
Romanus???
58.1%
Scipio???
57.3%
Calvin???
57.2%
Zachary???
57.2%
Fabrice???
56.4%
Janus???
56.2%
Giuseppe???
55.7%
Fortunato???
55.6%
Lorenz???
55.1%
Damasus???
54.6%
Anacletus???
53.5%
Solinus???
51.7%
Hortensius???
51.1%
Gelasius???
51.1%
Donato???
51.1%
Horatio???
50.7%
Tyrus???
50.6%
Aurelio???
50.5%
Hilarius???
50.1%
Pelagius???
49.8%
Bastian???
48.5%
Dionysius???
47.8%
Eleuterus???
46.3%
Gabriel???
46%
Anterus???
45.1%
Agatho???
41.5%
Aloysius???
41.3%
Telesphorus???
39.7%
Hormisdas???
36.7%
Ignacio???
35.5%
Justus???
35.1%
Dominic???
33.4%

You're not logged in!

Compare scores with friends on all Sporcle quizzes.
Join for Free
OR
Log In

You Might Also Like...

Show Comments

Extras

Top Quizzes Today


Score Distribution

Your Account Isn't Verified!

In order to create a playlist on Sporcle, you need to verify the email address you used during registration. Go to your Sporcle Settings to finish the process.

Report this User

Report this user for behavior that violates our Community Guidelines.

Details: